[Event "Sousse BICA op 1st"]
[Site "Sousse"]
[Date "2021.12.25"]
[Round "2"]
[White "Zgeta, Faisal Mohamed"]
[Black "Farhat, Assil"]
[Result "1-0"]
[WhiteElo "1649"]
[BlackElo "1146"]
[PlyCount "119"]
[EventDate "2021.12.24"]
[EventType "swiss"]
[EventRounds "9"]
[EventCountry "TUN"]
[SourceTitle "CBM 205 Extra"]
[Source "ChessBase"]
[SourceDate "2022.01.31"]
[SourceVersion "1"]
[SourceVersionDate "2022.01.31"]
[SourceQuality "1"]

1. d4 d5 2. c4 e6 3. cxd5 exd5 4. Nc3 Nf6 5. Bg5 Be7 6. e3 0-0 7. Bd3 Nc6 8. a3 a5 9. h3 b6 10. Nf3 Bb7 11. 0-0 h6 12. Bf4 Bd6 13. Bxd6 Qxd6 14. Rc1 Rac8 15. Qc2 Qd8 16. Bf5 Ra8 17. Na4 Qd6 18. Bd3 Rac8 19. Bb5 Ne7 20. Ne5 c6 21. Bd3 b5 22. Nc5 Ba8 23. b4 a4 24. Qe2 Rb8 25. Ng4 Nxg4 26. Qxg4 Rfd8 27. f4 Bb7 28. f5 Bc8 29. Qh5 Qf6 30. Rf3 Rd6 31. Kh1 Qg5 32. Qxg5 hxg5 33. Rcf1 Kf8 34. f6 gxf6 35. Rxf6 Rxf6 36. Rxf6 Ng8 37. Rxc6 Kg7 38. Rc7 Nh6 39. g4 Kg8 40. Be2 Kg7 41. Bf3 Kf8 42. Bxd5 f6 43. Rh7 Nxg4 44. hxg4 Bxg4 45. Rh8+ Ke7 46. Rxb8 Bd7 47. Rb7 Ke8 48. Rxd7 f5 49. Be6 f4 50. exf4 gxf4 51. Ra7 f3 52. Kg1 f2+ 53. Kxf2 Kd8 54. Ke3 Ke8 55. Ke4 Kd8 56. Kd5 Ke8 57. Bh3 Kd8 58. Kd6 Ke8 59. Bf1 Kd8 60. Ra8# 1-0

[Event "Tripoli Four Seasons-B"]
[Site "Tripoli"]
[Date "2020.03.12"]
[Round "4"]
[White "Faranka, Khaled"]
[Black "Zgeta, Faisal Mohamed"]
[Result "1-0"]
[WhiteElo "1748"]
[BlackElo "1673"]
[PlyCount "51"]
[EventDate "2020.03.09"]
[EventType "tourn"]
[EventRounds "9"]
[EventCountry "LBY"]
[SourceTitle "CBM 195 Extra"]
[Source "ChessBase"]
[SourceDate "2020.05.31"]
[SourceVersion "1"]
[SourceVersionDate "2020.05.31"]
[SourceQuality "1"]

1. d4 Nf6 2. Bf4 g6 3. Nf3 Bg7 4. c3 0-0 5. h3 d6 6. Nbd2 Re8 7. e4 c5 8. Bb5 Bd7 9. Bxd7 Nbxd7 10. 0-0 cxd4 11. cxd4 e5 12. dxe5 dxe5 13. Be3 b6 14. Rc1 Rc8 15. Qa4 Ra8 16. Rfd1 Qe7 17. Rc7 Nc5 18. Qc6 Qd8 19. Bxc5 bxc5 20. Ng5 h6 21. Nxf7 Qb8 22. Nc4 Nxe4 23. Rdd7 Rc8 24. Nxh6+ Kh8 25. Qxg6 Rxc7 26. Qxg7# 1-0

[Event "Tripoli Four Seasons-B"]
[Site "Tripoli"]
[Date "2020.03.09"]
[Round "1"]
[White "Zgeta, Faisal Mohamed"]
[Black "Kachoud, Massaoud"]
[Result "1-0"]
[WhiteElo "1673"]
[BlackElo "1599"]
[PlyCount "70"]
[EventDate "2020.03.09"]
[EventType "tourn"]
[EventRounds "9"]
[EventCountry "LBY"]
[SourceTitle "CBM 195 Extra"]
[Source "ChessBase"]
[SourceDate "2020.05.31"]
[SourceVersion "1"]
[SourceVersionDate "2020.05.31"]
[SourceQuality "1"]

1. d4 d5 2. c4 e6 3. cxd5 exd5 4. Nc3 Nf6 5. Bg5 Be7 6. e3 c6 7. Bd3 h6 8. Bf4 Nbd7 9. h3 Nb6 10. Nf3 Nc4 11. b3 Nd6 12. 0-0 Nde4 13. Qc2 Bf5 14. a3 Qc8 15. Kh2 g5 16. Be5 g4 17. Bxf6 Bxf6 18. hxg4 Bxg4 19. Bxe4 Qc7+ 20. g3 dxe4 21. Qxe4+ Be6 22. Rac1 Qd6 23. Rfd1 0-0-0 24. d5 Bxc3 25. dxe6 Qe7 26. Rxd8+ Rxd8 27. Rxc3 fxe6 28. Nd4 Re8 29. b4 Qf7 30. Kg2 h5 31. Nb5 Rd8 32. Nxa7+ Kb8 33. Nxc6+ bxc6 34. Rxc6 Qb7 35. Kh3 Ka7 1-0